000
00503nam a2200181Ia 4500
008
100917s9999 xx 000 0 und d
082
_b
15968
100
_a
गोळे महादेव शिवराम
245
_a
शाळेचा अभिमान
260
_b
---
300
_a
46
365
_b
0
520
_a
निबंध
630
_a
शाळेचा अभिमान
650
_a
निबंध
730
_a
शाळेचा अभिमान
942
_c
BOOK
999
_c
621362
_d
621359